|
|
|
|
| LEADER |
00000nam0a2200000 4500 |
| 001 |
350923 |
| 005 |
20231102010342.0 |
| 035 |
|
|
|a (RuTPU)RU\TPU\retro\5303
|
| 090 |
|
|
|a 350923
|
| 100 |
|
|
|a 20190314d1963 km y0rusy50 ca
|
| 101 |
1 |
|
|a rus
|c eng
|
| 102 |
|
|
|a RU
|
| 105 |
|
|
|a a z 000zy
|
| 200 |
1 |
|
|a Наше солнце
|e пер. с англ.
|f Д. Г. Мензел
|
| 210 |
|
|
|a Москва
|c Физматгиз
|d 1963
|
| 215 |
|
|
|a 328 с.
|c ил.
|
| 300 |
|
|
|a В суперобложке
|
| 316 |
|
|
|5 63413507: КР-6282
|a На переднем форзаце владельческая надпись: "Т. Воробьёва. Июнь 1983 г."
|
| 317 |
|
|
|5 63413507: КР-6282
|a Поступила в НТБ в 1987 г. в дар от вдовы ученого Е. К. Завадовской
|
| 330 |
|
|
|a Солнце... Наши далекие предки приносили ему жертвы, слагали в его честь торжественные гимны, но ничего не знали о его истинной природе. Но вот дерзкий глаз ученого обнаружил на его сияющей поверхности темные образования — пятна. Было установлено, что Солнце вращается вокруг своей оси. Взор человека проникал в тайны Солнца все дальше и дальше. Ученые узнали, что Солнце — это вечно кипящий океан раскаленных газов, из которого на сотни тысяч километров поднимаются огненные языки — протуберанцы. Теперь уже никого не повергают в трепет солнечные затмения. А было время, когда эти явления приводили людей в ужас. О Солнце —его расстоянии от Земли, размерах, массе; о солнечных пятнах и протуберанцах; об атмосфере и недрах Солнца; о влиянии Солнца на Землю; о том, как мы получаем сведения о процессах, происходящих на поверхности и в недрах лучезарного светила, рассказывает эта книга. Жизнь на Земле обязана своим существованием Солнцу. Запасы энергии в виде залежей угля, нефти — результат деятельности Солнца. Но человек использует не только "ископаемые" запасы солнечного света. Разрабатываются методы "консервации" солнечного излучения, приходящего к нам сейчас. Свет Солнца используется и непосредственно — в солнечных печах. Этому в книге посвящена специальная глава.
|
| 606 |
1 |
|
|a Солнце
|x (астрономия)
|2 stltpush
|3 (RuTPU)RU\TPU\subj\78841
|9 87881
|
| 610 |
1 |
|
|a библиотека А. А. Воробьева
|
| 610 |
1 |
|
|a солнечные явления
|
| 610 |
1 |
|
|a солнечный свет
|
| 610 |
1 |
|
|a химия
|
| 610 |
1 |
|
|a солнечные пятна
|
| 610 |
1 |
|
|a солнечная поверхность
|
| 610 |
1 |
|
|a протуберанцы
|
| 610 |
1 |
|
|a солнечная корона
|
| 610 |
1 |
|
|a солнечные затмения
|
| 610 |
1 |
|
|a атомная энергия
|
| 610 |
1 |
|
|a Вселенная
|
| 610 |
1 |
|
|a человечество
|
| 610 |
1 |
|
|a Земля
|
| 610 |
1 |
|
|a дары библиотеке
|
| 610 |
1 |
|
|a владельческая надпись
|
| 675 |
|
|
|a 523.9
|v 4
|
| 700 |
|
1 |
|a Мензел
|b Д. Г.
|g Дональд Г.
|
| 801 |
|
1 |
|a RU
|b 63413507
|c 20190314
|
| 801 |
|
2 |
|a RU
|b 63413507
|c 20200603
|g RCR
|
| 942 |
|
|
|c BK
|